Genshin Impact Character Elements (5.3) - Statistics

General Stats
  • This quiz has been taken 521 times
    353 since last reset
  • The average score is 78 of 94
Answer Stats
Hint Answer % Correct
Venti Anemo
88%
Tighnari Dendro
88%
Sucrose Anemo
87%
Chongyun Cryo
87%
Raiden Shogun Electro
87%
Lisa Electro
87%
Gorou Geo
87%
Noelle Geo
87%
Ningguang Geo
87%
Zhongli Geo
87%
Diluc Pyro
87%
Hu Tao Pyro
87%
Kaedehara Kazuha Anemo
86%
Xiao Anemo
86%
Collei Dendro
86%
Nahida Dendro
86%
Keqing Electro
86%
Kuki Shinobu Electro
86%
Kujou Sara Electro
86%
Yae Miko Electro
86%
Furina Hydro
86%
Mona Hydro
86%
Neuvillette Hydro
86%
Mualani Hydro
86%
Amber Pyro
86%
Dehya Pyro
86%
Mavuika Pyro
86%
Thoma Pyro
86%
Yanfei Pyro
86%
Ganyu Cryo
85%
Shenhe Cryo
85%
Kinich Dendro
85%
Beidou Electro
85%
Razor Electro
85%
Arataki Itto Geo
85%
Navia Geo
85%
Sangonomiya Kokomi Hydro
85%
Arlecchino Pyro
85%
Xiangling Pyro
85%
Jean Anemo
84%
Wanderer Anemo
84%
Diona Cryo
84%
Eula Cryo
84%
Qiqi Cryo
84%
Rosaria Cryo
84%
Cyno Electro
84%
Fischl Electro
84%
Ororon Electro
84%
Sethos Electro
84%
Barbara Hydro
84%
Bennett Pyro
84%
Gaming Pyro
84%
Sayu Anemo
83%
Aloy Cryo
83%
Freminet Cryo
83%
Alhaitham Dendro
83%
Baizhu Dendro
83%
Clorinde Electro
83%
Varesa Electro
83%
Nilou Hydro
83%
Klee Pyro
83%
Shikanoin Heizou Anemo
82%
Kaeya Cryo
82%
Yao Yao Dendro
82%
Albedo Geo
82%
Chiori Geo
82%
Xilonen Geo
82%
Kamisato Ayato Hydro
82%
Xingqiu Hydro
82%
Chevreuse Pyro
82%
Chasca Anemo
81%
Faruzan Anemo
81%
Lynette Anemo
81%
Kamisato Ayaka Cryo
81%
Childe Hydro
81%
Lyney Pyro
81%
Charlotte Cryo
80%
Layla Cryo
80%
Mika Cryo
80%
Emilie Dendro
80%
Kaveh Dendro
80%
Kachina Geo
80%
Yun Jin Geo
80%
Candace Hydro
80%
Sigewinne Hydro
80%
Yelan Hydro
80%
Lan Yan Anemo
79%
Yumemizuki Mizuki Anemo
79%
Citlali Cryo
79%
Dori Electro
79%
Iansan Electro
79%
Xinyan Pyro
79%
Kirara Dendro
78%
Xianyun Anemo
73%
No matching quizzes found
Score Distribution
Percent of People with Each Score
Percentile by Number Answered
Your Score History
You have not taken this quiz since the last reset